| 000 | 01077cam a22003015a 4500 | ||
|---|---|---|---|
| 001 | 017610058 | ||
| 003 | OSt | ||
| 005 | 20201128023728.0 | ||
| 008 | 151105t2016 enka frbd 001 0 eng d | ||
| 020 | _a9781292106175 | ||
| 020 | _a1292106174 | ||
| 040 |
_aUkOxU _beng _cUkOxU _dEG-ScBUE |
||
| 082 | 0 | 4 |
_222 _a370.72 _bMIL |
| 100 | 1 |
_aMills, Geoffrey E. _939879 |
|
| 245 | 1 | 0 |
_aEducational research : _bcompetencies for analysis and applications / _cGeoffey E. Mills, L. R. Gay. |
| 250 | _a11th ed., Global ed. | ||
| 260 |
_aHarlow : _bPearson Education Limited, _cc.2016. |
||
| 300 |
_a697 p. : _bill. ; _c26 cm. |
||
| 500 | _aAuthorized adaptation from the United States 11th edition for use outside the United States and Canada. | ||
| 500 | _aPublication date from bookseller's website. | ||
| 500 | _aGlossary : p. 673-683. | ||
| 504 | _aIncludes bibliographical references and indexes. | ||
| 650 | 7 |
_aEducation _xResearch. _2BUEsh _912350 |
|
| 650 | 7 |
_aEducation _xResearch _xMethodology. _2BUEsh _91051 |
|
| 651 | _2BUEsh | ||
| 653 |
_bNNUR _cApril2016 |
||
| 942 | _2ddc | ||
| 999 |
_c21668 _d21640 |
||